[Event "MCR druzstev mladsich zaku 2015"]
[Site "Hradec Kralove"]
[Date "2015.06.13"]
[Round "6.10"]
[White "Petricek (Kurim), Lukas"]
[Black "Volak (Loko Brno), Simon"]
[Result "1/2-1/2"]
[BlackElo "1475"]
[WhiteElo "1441"]
[LiveChessVersion "1.4.4"]

1. e4 {[%clk 0:25:17]} c6 {[%clk 0:25:18]} 2. d4 {[%clk 0:25:22]} d5
{[%clk 0:25:25]} 3. exd5 {[%clk 0:25:24]} cxd5 {[%clk 0:25:33]} 4. c4
{[%clk 0:25:27]} Nf6 {[%clk 0:25:39]} 5. Nc3 {[%clk 0:25:24]} Bf5
{[%clk 0:25:03]} 6. Be3 {[%clk 0:25:10]} e6 {[%clk 0:24:59]} 7. c5
{[%clk 0:24:51]} Nc6 {[%clk 0:24:41]} 8. Bb5 {[%clk 0:24:29]} Rc8
{[%clk 0:24:15]} 9. Nge2 {[%clk 0:23:57]} Be7 {[%clk 0:23:46]} 10. O-O
{[%clk 0:23:59]} O-O {[%clk 0:23:51]} 11. a3 {[%clk 0:24:01]} Ne4
{[%clk 0:22:51]} 12. Nxe4 {[%clk 0:23:16]} Bxe4 {[%clk 0:22:50]} 13. Nc3
{[%clk 0:23:04]} Bf5 {[%clk 0:22:48]} 14. b4 {[%clk 0:22:50]} Bg5
{[%clk 0:22:45]} 15. Qd2 {[%clk 0:22:03]} Bxe3 {[%clk 0:22:29]} 16. Qxe3
{[%clk 0:21:58]} Qf6 {[%clk 0:22:24]} 17. Rfd1 {[%clk 0:21:54]} Qg6
{[%clk 0:21:02]} 18. Qg3 {[%clk 0:21:35]} Qf6 {[%clk 0:20:25]} 19. Qe3
{[%clk 0:20:34]} Bc2 {[%clk 0:20:14]} 20. Rd2 {[%clk 0:20:30]} Bf5
{[%clk 0:19:11]} 21. Re1 {[%clk 0:20:14]} Qg6 {[%clk 0:19:02]} 22. Qg3
{[%clk 0:20:19]} Qxg3 {[%clk 0:18:41]} 23. hxg3 {[%clk 0:20:14]} Bg6
{[%clk 0:17:00]} 24. Bxc6 {[%clk 0:19:59]} Rxc6 {[%clk 0:16:55]} 25. b5 Rc7
{[%clk 0:16:40]} 26. a4 {[%clk 0:20:09]} Rb8 {[%clk 0:16:06]} 27. Rc1
{[%clk 0:20:01]} Kf8 {[%clk 0:14:37]} 28. a5 {[%clk 0:20:03]} Ke7
{[%clk 0:14:31]} 29. f3 {[%clk 0:20:10]} Rbc8 {[%clk 0:14:05]} 30. b6
{[%clk 0:19:40]} axb6 {[%clk 0:13:53]} 31. axb6 {[%clk 0:19:47]} Rd7
{[%clk 0:13:24]} 32. Ra2 {[%clk 0:19:47]} Bd3 {[%clk 0:13:08]} 33. Ra3
{[%clk 0:19:24]} Ba6 {[%clk 0:12:48]} 34. Na4 {[%clk 0:18:57]} Bb5
{[%clk 0:10:13]} 35. Nc3 {[%clk 0:19:04]} Ba6 {[%clk 0:10:20]} 36. Rb1
{[%clk 0:18:44]} Rc6 {[%clk 0:09:42]} 37. Nb5 {[%clk 0:18:48]} Bxb5
{[%clk 0:08:51]} 38. Rxb5 {[%clk 0:18:56]} Rc8 {[%clk 0:08:55]} 39. Rba5
{[%clk 0:18:41]} f6 {[%clk 0:07:56]} 40. Re3 {[%clk 0:18:42]} Rdd8
{[%clk 0:07:57]} 41. f4 {[%clk 0:18:34]} Kf7 {[%clk 0:06:12]} 42. Ra7
{[%clk 0:18:37]} Rd7 {[%clk 0:05:03]} 43. Rc3 {[%clk 0:18:44]} Rc6
{[%clk 0:05:09]} 44. Kf2 {[%clk 0:18:41]} Kg6 {[%clk 0:05:17]} 45. Kf3
{[%clk 0:18:48]} h5 {[%clk 0:05:25]} 46. Rc1 {[%clk 0:18:31]} Kf5
{[%clk 0:05:32]} 47. Re1 {[%clk 0:18:29]} g5 {[%clk 0:04:53]} 48. Ra8
{[%clk 0:18:01]} g4+ {[%clk 0:04:47]} 49. Kf2 {[%clk 0:18:05]} Re7
{[%clk 0:04:43]} 50. Rh8 {[%clk 0:18:05]} Kg6 {[%clk 0:04:04]} 51. Rh1
{[%clk 0:17:19]} Kf5 {[%clk 0:03:19]} 52. R8xh5+ {[%clk 0:17:23]} Ke4
{[%clk 0:03:27]} 53. Rd1 {[%clk 0:17:14]} Rc8 {[%clk 0:02:22]} 54. Rh6
{[%clk 0:17:06]} Kf5 {[%clk 0:01:24]} 55. Rhh1 {[%clk 0:16:34]} Ra8
{[%clk 0:01:24]} 56. Ra1 {[%clk 0:16:38]} Rd8 {[%clk 0:01:23]} 57. Rhe1
{[%clk 0:16:41]} e5 {[%clk 0:01:16]} 58. fxe5 {[%clk 0:16:41]} fxe5
{[%clk 0:01:25]} 59. dxe5 {[%clk 0:16:18]} Rxe5 {[%clk 0:01:35]} 60. Rxe5+
{[%clk 0:16:25]} Kxe5 {[%clk 0:01:44]} 61. Ke3 {[%clk 0:16:34]} d4+
{[%clk 0:01:52]} 62. Kd3 {[%clk 0:16:44]} Kd5 {[%clk 0:02:01]} 63. Rc1
{[%clk 0:16:08]} Rc8 {[%clk 0:01:59]} 1/2-1/2

[Event "MCR druzstev mladsich zaku 2015"]
[Site "Hradec Kralove"]
[Date "2015.06.13"]
[Round "6.11"]
[White "Faja (Loko Brno), Vilem"]
[Black "Kriz (Kurim), Tomas"]
[Result "1/2-1/2"]
[BlackElo "1477"]
[WhiteElo "1475"]
[LiveChessVersion "1.4.4"]

1. d4 {[%clk 0:25:19]} d5 {[%clk 0:25:13]} 2. c4 {[%clk 0:25:20]} c6
{[%clk 0:24:52]} 3. cxd5 {[%clk 0:25:27]} cxd5 {[%clk 0:24:53]} 4. Nc3
{[%clk 0:25:35]} Nf6 {[%clk 0:24:38]} 5. Bg5 {[%clk 0:25:38]} e6 {[%clk 0:24:29]}
6. Rc1 {[%clk 0:25:42]} Nc6 {[%clk 0:24:19]} 7. Nf3 {[%clk 0:25:40]} Be7
{[%clk 0:24:11]} 8. e3 {[%clk 0:25:44]} Bd7 {[%clk 0:24:05]} 9. Bd3
{[%clk 0:25:47]} O-O {[%clk 0:23:55]} 10. O-O {[%clk 0:25:54]} Rc8
{[%clk 0:23:58]} 11. a3 {[%clk 0:25:37]} a6 {[%clk 0:23:56]} 12. Qe2
{[%clk 0:25:19]} b5 {[%clk 0:23:40]} 13. Rc2 {[%clk 0:23:39]} Qb6
{[%clk 0:23:03]} 14. Ne5 {[%clk 0:23:01]} Rc7 {[%clk 0:20:28]} 15. Nxd7
{[%clk 0:23:07]} Rxd7 {[%clk 0:20:26]} 16. Rfc1 {[%clk 0:23:04]} Rc7
{[%clk 0:20:20]} 17. Bf4 {[%clk 0:22:55]} Rcc8 {[%clk 0:20:08]} 18. Qf3
{[%clk 0:20:26]} Rfd8 {[%clk 0:18:53]} 19. Qh3 {[%clk 0:20:09]} h6
{[%clk 0:18:01]} 20. Qg3 {[%clk 0:19:50]} Nh5 {[%clk 0:16:13]} 21. Qf3
{[%clk 0:19:56]} Nxf4 {[%clk 0:16:18]} 22. Qxf4 {[%clk 0:20:03]} Bd6
{[%clk 0:16:04]} 23. Qg4 {[%clk 0:19:59]} Be7 {[%clk 0:15:12]} 24. Ne2
{[%clk 0:19:55]} Na7 {[%clk 0:14:07]} 25. Nf4 {[%clk 0:16:13]} Bg5
{[%clk 0:13:24]} 26. Nh3 {[%clk 0:15:33]} Bf6 {[%clk 0:13:05]} 27. Nf4
{[%clk 0:15:06]} Bg5 {[%clk 0:13:14]} 28. Ne2 {[%clk 0:15:15]} Rxc2
{[%clk 0:12:42]} 29. Rxc2 {[%clk 0:15:22]} Rc8 {[%clk 0:12:50]} 30. Rxc8+
{[%clk 0:15:29]} Nxc8 {[%clk 0:12:58]} 31. h4 {[%clk 0:15:36]} Bf6
{[%clk 0:12:29]} 32. Nf4 {[%clk 0:15:30]} Ne7 {[%clk 0:12:38]} 33. Nh5
{[%clk 0:15:17]} e5 {[%clk 0:11:11]} 34. Nxf6+ {[%clk 0:14:59]} Qxf6
{[%clk 0:11:16]} 35. dxe5 {[%clk 0:14:51]} Qxe5 {[%clk 0:11:11]} 36. Qe2
{[%clk 0:14:10]} Nf5 {[%clk 0:09:58]} 37. Qc2 {[%clk 0:14:13]} g6
{[%clk 0:09:51]} 38. Bxf5 {[%clk 0:13:46]} Qxf5 {[%clk 0:09:53]} 39. Qxf5
{[%clk 0:13:55]} gxf5 {[%clk 0:10:02]} 40. Kh2 {[%clk 0:14:04]} Kg7
{[%clk 0:10:10]} 41. Kg3 {[%clk 0:14:12]} Kf6 {[%clk 0:10:19]} 42. Kf4
{[%clk 0:14:21]} Ke6 1/2-1/2

[Event "MCR druzstev mladsich zaku 2015"]
[Site "Hradec Kralove"]
[Date "2015.06.13"]
[Round "6.12"]
[White "Keprt (Kurim), Tomas"]
[Black "Vavrinkova (Loko Brno), Anna"]
[Result "1/2-1/2"]
[BlackElo "1397"]
[WhiteElo "1262"]
[LiveChessVersion "1.4.4"]

1. e4 {[%clk 0:25:27]} d5 {[%clk 0:25:25]} 2. exd5 {[%clk 0:25:19]} Qxd5
{[%clk 0:25:10]} 3. Nf3 {[%clk 0:24:45]} Bg4 {[%clk 0:24:46]} 4. Be2
{[%clk 0:24:26]} Nf6 {[%clk 0:23:51]} 5. Nc3 {[%clk 0:24:06]} Qd6
{[%clk 0:22:43]} 6. O-O {[%clk 0:23:26]} e6 {[%clk 0:21:34]} 7. d3
{[%clk 0:22:31]} c6 {[%clk 0:18:40]} 8. Re1 {[%clk 0:21:00]} Qc7 {[%clk 0:17:35]}
9. Be3 {[%clk 0:19:58]} Bd6 {[%clk 0:16:21]} 10. g3 {[%clk 0:18:49]} O-O
{[%clk 0:14:58]} 11. Bf1 {[%clk 0:17:35]} Nbd7 {[%clk 0:14:08]} 12. Bg2
{[%clk 0:17:15]} Rfe8 {[%clk 0:12:22]} 13. Qd2 {[%clk 0:16:34]} a6
{[%clk 0:12:07]} 14. Rad1 {[%clk 0:15:58]} Rad8 {[%clk 0:11:42]} 15. Ne4
{[%clk 0:13:51]} Nxe4 {[%clk 0:11:13]} 16. dxe4 {[%clk 0:13:41]} Bxf3
{[%clk 0:10:45]} 17. Bxf3 {[%clk 0:13:34]} Ne5 {[%clk 0:10:47]} 18. Be2
{[%clk 0:12:47]} Ng6 {[%clk 0:09:38]} 19. Qc1 {[%clk 0:12:09]} Be5
{[%clk 0:08:15]} 20. c3 {[%clk 0:11:49]} Rxd1 {[%clk 0:07:34]} 21. Rxd1
{[%clk 0:11:45]} Rd8 {[%clk 0:07:38]} 22. Rd2 {[%clk 0:11:23]} h6
{[%clk 0:07:18]} 23. Qc2 {[%clk 0:10:49]} Rxd2 {[%clk 0:07:06]} 24. Qxd2
{[%clk 0:10:55]} Qd6 {[%clk 0:07:04]} 25. Qxd6 {[%clk 0:10:14]} Bxd6
{[%clk 0:07:12]} 26. b3 {[%clk 0:09:49]} Kf8 {[%clk 0:07:14]} 27. Kf1
{[%clk 0:09:50]} Ke7 {[%clk 0:07:16]} 28. f4 {[%clk 0:09:50]} f6 {[%clk 0:06:36]}
29. Bd3 {[%clk 0:09:44]} e5 {[%clk 0:06:07]} 1/2-1/2

[Event "MCR druzstev mladsich zaku 2015"]
[Site "Hradec Kralove"]
[Date "2015.06.13"]
[Round "6.13"]
[White "Vorisek (Vlasim), Jakub"]
[Black "Jirousek (Polabiny \"A\"), Jan"]
[Result "1-0"]
[BlackElo "1618"]
[WhiteElo "1840"]
[LiveChessVersion "1.4.4"]

1. e4 {[%clk 0:25:19]} c6 {[%clk 0:25:19]} 2. d4 {[%clk 0:25:16]} d5
{[%clk 0:25:28]} 3. exd5 {[%clk 0:25:19]} cxd5 {[%clk 0:25:36]} 4. c4
{[%clk 0:25:20]} e6 {[%clk 0:25:21]} 5. Nc3 {[%clk 0:25:13]} Nf6 {[%clk 0:25:24]}
6. Nf3 {[%clk 0:24:58]} Nc6 {[%clk 0:24:37]} 7. Be2 {[%clk 0:24:41]} h6
{[%clk 0:24:37]} 8. O-O {[%clk 0:23:39]} Bd6 {[%clk 0:24:36]} 9. Be3
{[%clk 0:23:25]} O-O {[%clk 0:24:16]} 10. Qc2 {[%clk 0:22:50]} Bc7
{[%clk 0:23:55]} 11. a3 {[%clk 0:20:39]} dxc4 {[%clk 0:18:10]} 12. Bxc4
{[%clk 0:19:52]} b6 {[%clk 0:17:55]} 13. Rfd1 {[%clk 0:19:21]} Bb7
{[%clk 0:17:39]} 14. d5 {[%clk 0:18:00]} exd5 {[%clk 0:17:17]} 15. Bxd5
{[%clk 0:18:00]} Qe7 {[%clk 0:16:00]} 16. Qb3 {[%clk 0:16:03]} Rfd8
{[%clk 0:14:28]} 17. Rac1 {[%clk 0:15:52]} Na5 {[%clk 0:12:57]} 18. Qa2
{[%clk 0:15:49]} Nxd5 {[%clk 0:12:41]} 19. Nxd5 {[%clk 0:15:52]} Bxd5
{[%clk 0:12:46]} 20. Rxd5 {[%clk 0:15:47]} Rxd5 {[%clk 0:12:05]} 21. Qxd5
{[%clk 0:15:54]} Rd8 {[%clk 0:12:02]} 22. Qa2 {[%clk 0:15:21]} Qd6
{[%clk 0:10:41]} 23. g3 {[%clk 0:14:12]} Nb7 {[%clk 0:10:13]} 24. Bf4
{[%clk 0:13:29]} Qg6 {[%clk 0:01:43]} 25. Rxc7 {[%clk 0:12:42]} Nc5
{[%clk 0:01:26]} 26. Rxa7 {[%clk 0:10:26]} Ne6 {[%clk 0:01:20]} 27. Be3
{[%clk 0:09:41]} Qe4 {[%clk 0:01:02]} 28. Kg2 {[%clk 0:09:05]} g5
{[%clk 0:00:57]} 29. h3 {[%clk 0:07:08]} h5 {[%clk 0:00:52]} 30. Ra4
{[%clk 0:03:27]} Qxa4 {[%clk 0:00:25]} 31. Bxg5 {[%clk 0:03:26]} Nxg5 32. Nxg5
{[%clk 0:03:29]} Qc6+ {[%clk 0:00:37]} 33. Kh2 {[%clk 0:03:24]} Qf6
{[%clk 0:00:33]} 34. Ne4 {[%clk 0:03:24]} Qf3 {[%clk 0:00:21]} 35. Qxf7+ Kxf7
{[%clk 0:00:24]} 36. Ng5+ {[%clk 0:02:34]} Kg6 {[%clk 0:00:31]} 37. Nxf3
{[%clk 0:02:42]} Rf8 {[%clk 0:00:36]} 38. Kg2 {[%clk 0:02:49]} Kf6
{[%clk 0:00:39]} 39. Nh4 {[%clk 0:02:48]} Ke6 {[%clk 0:00:41]} 40. f4
{[%clk 0:02:57]} Kd5 {[%clk 0:00:40]} 41. Kf3 {[%clk 0:02:40]} Kc4
{[%clk 0:00:49]} 42. g4 {[%clk 0:02:38]} hxg4+ {[%clk 0:00:50]} 43. hxg4
{[%clk 0:02:46]} Kb3 {[%clk 0:00:59]} 44. g5 {[%clk 0:02:52]} Kxb2
{[%clk 0:01:07]} 45. g6 {[%clk 0:02:58]} Kxa3 {[%clk 0:01:14]} 46. f5
{[%clk 0:03:06]} b5 {[%clk 0:01:23]} 47. g7 {[%clk 0:03:12]} Rg8 {[%clk 0:01:30]}
48. f6 {[%clk 0:03:18]} b4 {[%clk 0:01:37]} 49. f7 {[%clk 0:03:26]} b3
{[%clk 0:01:43]} 50. fxg8=Q {[%clk 0:03:17]} b2 {[%clk 0:01:48]} 51. Qa8+
{[%clk 0:03:25]} Kb3 {[%clk 0:01:56]} 52. Qb7+ {[%clk 0:03:33]} Kc2
{[%clk 0:02:04]} 53. Qxb2+ {[%clk 0:03:42]} Kxb2 {[%clk 0:02:11]} 54. g8=Q
{[%clk 0:03:46]} Kc3 {[%clk 0:02:19]} 55. Qd5 {[%clk 0:03:52]} Kb4
{[%clk 0:02:26]} 56. Qc6 {[%clk 0:04:00]} Kb3 {[%clk 0:02:32]} 57. Qc5
{[%clk 0:04:09]} Ka4 {[%clk 0:02:39]} 58. Qb6 {[%clk 0:04:17]} 1-0

[Event "MCR druzstev mladsich zaku 2015"]
[Site "Hradec Kralove"]
[Date "2015.06.13"]
[Round "6.14"]
[White "Jun (Polabiny \"A\"), Rudolf"]
[Black "Skypala (Vlasim), Ondrej"]
[Result "1/2-1/2"]
[BlackElo "1685"]
[WhiteElo "1688"]
[LiveChessVersion "1.4.4"]

1. e4 {[%clk 0:25:18]} e6 {[%clk 0:24:58]} 2. Nf3 {[%clk 0:25:21]} d5
{[%clk 0:25:03]} 3. exd5 {[%clk 0:25:29]} exd5 {[%clk 0:25:05]} 4. d4
{[%clk 0:25:35]} Nf6 {[%clk 0:25:07]} 5. Nc3 {[%clk 0:25:40]} Bb4
{[%clk 0:25:10]} 6. Bd2 {[%clk 0:25:30]} O-O {[%clk 0:25:13]} 7. Be2
{[%clk 0:25:32]} Bf5 {[%clk 0:25:11]} 8. O-O {[%clk 0:25:35]} Nbd7
{[%clk 0:25:09]} 9. a3 {[%clk 0:25:32]} Bd6 {[%clk 0:25:09]} 10. Re1
{[%clk 0:25:19]} c6 {[%clk 0:25:13]} 11. h3 {[%clk 0:24:49]} Qc7 {[%clk 0:25:14]}
12. b4 {[%clk 0:24:35]} Rfe8 {[%clk 0:24:49]} 13. Bg5 {[%clk 0:23:36]} h6
{[%clk 0:24:44]} 14. Bxf6 {[%clk 0:23:41]} Nxf6 {[%clk 0:24:48]} 15. Bd3
{[%clk 0:23:23]} Rxe1+ {[%clk 0:24:02]} 16. Nxe1 {[%clk 0:23:26]} Bh7
{[%clk 0:23:31]} 17. Bxh7+ {[%clk 0:23:08]} Nxh7 {[%clk 0:23:39]} 18. Nf3
{[%clk 0:23:13]} Re8 {[%clk 0:23:44]} 19. Qd3 {[%clk 0:22:52]} Qe7
{[%clk 0:23:39]} 20. Qd2 {[%clk 0:22:28]} Ng5 {[%clk 0:23:14]} 21. Nxg5
{[%clk 0:22:18]} hxg5 {[%clk 0:23:20]} 22. Kf1 {[%clk 0:22:10]} Qf6
{[%clk 0:23:15]} 23. Re1 {[%clk 0:21:25]} Rxe1+ {[%clk 0:23:08]} 24. Kxe1
{[%clk 0:21:34]} Bf4 {[%clk 0:22:58]} 25. Qd3 {[%clk 0:21:31]} g6
{[%clk 0:23:00]} 26. Ne2 {[%clk 0:21:22]} Bd6 {[%clk 0:22:53]} 27. Qe3
{[%clk 0:20:30]} Kg7 {[%clk 0:22:10]} 28. g3 {[%clk 0:20:24]} Qe7
{[%clk 0:22:08]} 29. Qxe7 {[%clk 0:19:39]} Bxe7 {[%clk 0:22:17]} 30. f4
{[%clk 0:19:48]} a5 {[%clk 0:21:19]} 31. c3 {[%clk 0:19:49]} axb4
{[%clk 0:21:04]} 32. cxb4 {[%clk 0:19:58]} gxf4 {[%clk 0:21:12]} 33. Nxf4
{[%clk 0:20:05]} Bd6 {[%clk 0:21:13]} 34. Ne2 {[%clk 0:20:06]} Kf6
{[%clk 0:21:20]} 35. Kf2 {[%clk 0:20:08]} g5 {[%clk 0:21:24]} 36. g4
{[%clk 0:20:11]} Kg6 {[%clk 0:21:25]} 37. Ke3 {[%clk 0:20:06]} b5
{[%clk 0:21:14]} 38. Kf3 {[%clk 0:19:20]} Kf6 {[%clk 0:21:14]} 39. Nc1
{[%clk 0:19:26]} Ke6 {[%clk 0:21:20]} 40. Nb3 {[%clk 0:19:31]} f6
{[%clk 0:21:26]} 41. Na5 {[%clk 0:19:28]} Kd7 {[%clk 0:21:34]} 42. Nb3
{[%clk 0:19:04]} Ke6 {[%clk 0:21:29]} 43. Nd2 {[%clk 0:18:29]} Bc7
{[%clk 0:21:24]} 44. Nf1 {[%clk 0:18:13]} f5 {[%clk 0:21:16]} 45. gxf5+
{[%clk 0:18:14]} Kxf5 {[%clk 0:21:24]} 46. Ne3+ {[%clk 0:18:23]} Kg6
{[%clk 0:21:23]} 47. Kg4 {[%clk 0:18:19]} Bb6 {[%clk 0:21:28]} 48. Nc2
{[%clk 0:18:28]} Ba7 {[%clk 0:21:33]} 49. Kf3 {[%clk 0:18:00]} Kf5
{[%clk 0:21:24]} 50. Ke3 {[%clk 0:17:34]} g4 {[%clk 0:21:26]} 51. hxg4+
{[%clk 0:17:44]} Kxg4 {[%clk 0:21:34]} 52. Ne1 {[%clk 0:17:42]} Kf5
{[%clk 0:21:28]} 53. Nf3 {[%clk 0:17:51]} Ke6 {[%clk 0:21:34]} 54. Ng5+
{[%clk 0:17:32]} Kd7 {[%clk 0:21:40]} 55. Nf7 {[%clk 0:17:35]} Bb8
{[%clk 0:21:10]} 56. Ng5 {[%clk 0:17:08]} Bg3 {[%clk 0:20:42]} 57. Nf3
{[%clk 0:16:44]} Kd6 {[%clk 0:20:43]} 58. Kd3 {[%clk 0:15:41]} Bf4
{[%clk 0:20:49]} 59. Kc3 {[%clk 0:15:49]} Bc1 {[%clk 0:19:54]} 60. Kb3
{[%clk 0:15:58]} Kc7 {[%clk 0:19:16]} 61. a4 {[%clk 0:15:52]} bxa4+
{[%clk 0:19:02]} 62. Kxa4 {[%clk 0:16:00]} Kb6 {[%clk 0:17:56]} 63. Ne5
{[%clk 0:15:25]} Be3 {[%clk 0:17:57]} 64. Nf3 {[%clk 0:15:20]} Bc1
{[%clk 0:17:20]} 65. Ne1 {[%clk 0:15:04]} Bb2 {[%clk 0:17:19]} 66. Nc2
{[%clk 0:15:13]} Bc3 {[%clk 0:17:26]} 67. Kb3 {[%clk 0:14:38]} 1/2-1/2

[Event "MCR druzstev mladsich zaku 2015"]
[Site "Hradec Kralove"]
[Date "2015.06.13"]
[Round "6.15"]
[White "Vojta (Vlasim), Jakub"]
[Black "Zejdlik (Polabiny \"A\"), Erik"]
[Result "1-0"]
[BlackElo "1493"]
[WhiteElo "1748"]
[LiveChessVersion "1.4.4"]

1. e4 {[%clk 0:25:18]} c5 {[%clk 0:25:19]} 2. Nc3 {[%clk 0:25:14]} Nc6
{[%clk 0:25:14]} 3. f4 {[%clk 0:25:19]} d6 {[%clk 0:25:00]} 4. Nf3
{[%clk 0:25:22]} e6 {[%clk 0:24:59]} 5. d3 {[%clk 0:25:15]} Be7 {[%clk 0:25:03]}
6. g3 {[%clk 0:25:15]} Bd7 {[%clk 0:25:06]} 7. Bg2 {[%clk 0:25:21]} Qc7
{[%clk 0:25:10]} 8. O-O {[%clk 0:25:10]} a6 {[%clk 0:25:04]} 9. Kh1
{[%clk 0:24:17]} Qb6 {[%clk 0:24:44]} 10. Be3 {[%clk 0:23:18]} Qxb2
{[%clk 0:20:55]} 11. Na4 {[%clk 0:22:28]} Qb4 {[%clk 0:19:16]} 12. c3
{[%clk 0:22:19]} Qa5 {[%clk 0:18:58]} 13. Qb3 {[%clk 0:19:27]} b5
{[%clk 0:18:39]} 14. Nb2 {[%clk 0:19:34]} Nf6 {[%clk 0:18:30]} 15. f5
{[%clk 0:17:41]} h6 {[%clk 0:18:02]} 16. e5 {[%clk 0:15:12]} Nd5 {[%clk 0:13:54]}
17. Bd2 {[%clk 0:14:55]} Qc7 {[%clk 0:11:44]} 18. c4 {[%clk 0:14:39]} bxc4
{[%clk 0:11:50]} 19. dxc4 {[%clk 0:14:27]} Nb6 {[%clk 0:11:16]} 20. exd6
{[%clk 0:14:01]} Bxd6 {[%clk 0:11:03]} 21. fxe6 {[%clk 0:13:18]} Bxe6
{[%clk 0:11:07]} 22. Bc3 {[%clk 0:13:19]} O-O {[%clk 0:10:42]} 23. Rad1
{[%clk 0:12:08]} Rab8 {[%clk 0:10:30]} 24. Qc2 {[%clk 0:11:45]} Nxc4
{[%clk 0:08:40]} 25. Nxc4 {[%clk 0:11:37]} Bxc4 {[%clk 0:08:24]} 26. Rfe1
{[%clk 0:09:32]} Be6 {[%clk 0:07:44]} 27. Rxe6 {[%clk 0:08:07]} fxe6
{[%clk 0:06:41]} 28. Qg6 {[%clk 0:08:00]} Ne5 {[%clk 0:04:21]} 29. Nxe5
{[%clk 0:07:55]} Bxe5 {[%clk 0:04:22]} 30. Qxe6+ {[%clk 0:08:03]} Qf7
{[%clk 0:03:51]} 31. Qxe5 {[%clk 0:07:43]} Qa7 {[%clk 0:03:04]} 32. Bd5+
{[%clk 0:07:21]} Kh8 {[%clk 0:02:58]} 33. Qe6 {[%clk 0:06:51]} Qb6
{[%clk 0:01:34]} 34. Qe5 {[%clk 0:06:42]} Qf6 {[%clk 0:01:29]} 35. Qxf6
{[%clk 0:05:32]} gxf6 {[%clk 0:01:36]} 36. Re1 {[%clk 0:05:30]} Rbd8
{[%clk 0:00:37]} 37. Bb3 {[%clk 0:05:18]} Rd6 {[%clk 0:00:14]} 38. Re7
{[%clk 0:04:38]} 1-0

[Event "MCR druzstev mladsich zaku 2015"]
[Site "Hradec Kralove"]
[Date "2015.06.13"]
[Round "6.16"]
[White "Brazda (Polabiny \"A\"), Vit"]
[Black "Pisova (Vlasim), Petra"]
[Result "0-1"]
[BlackElo "1470"]
[WhiteElo "1419"]
[LiveChessVersion "1.4.4"]

1. e4 {[%clk 0:25:18]} c5 {[%clk 0:25:12]} 2. d4 {[%clk 0:25:23]} cxd4
{[%clk 0:25:14]} 3. c3 {[%clk 0:25:32]} dxc3 {[%clk 0:25:06]} 4. Nxc3
{[%clk 0:25:41]} d6 {[%clk 0:24:59]} 5. Nf3 {[%clk 0:25:44]} Nc6 {[%clk 0:24:49]}
6. Bc4 {[%clk 0:25:47]} Nf6 {[%clk 0:24:23]} 7. O-O {[%clk 0:25:41]} g6
{[%clk 0:24:11]} 8. Qe2 {[%clk 0:25:35]} Bg7 {[%clk 0:24:02]} 9. Rd1
{[%clk 0:25:41]} Qc7 {[%clk 0:23:07]} 10. Bf4 {[%clk 0:25:46]} O-O
{[%clk 0:22:40]} 11. e5 {[%clk 0:25:43]} dxe5 {[%clk 0:22:16]} 12. Nxe5
{[%clk 0:25:33]} Nxe5 {[%clk 0:21:25]} 13. Bxe5 {[%clk 0:25:36]} Qc5
{[%clk 0:19:42]} 14. Bd4 {[%clk 0:24:24]} Qc7 {[%clk 0:18:24]} 15. Bb3
{[%clk 0:23:38]} Ng4 {[%clk 0:16:01]} 16. Bxg7 {[%clk 0:23:34]} Qxh2+
{[%clk 0:16:07]} 17. Kf1 {[%clk 0:22:14]} Qh1# 0-1

[Event "MCR druzstev mladsich zaku 2015"]
[Site "Hradec Kralove"]
[Date "2015.06.13"]
[Round "6.17"]
[White "Vopalka (Vlasim), Filip"]
[Black "Stocek (Polabiny \"A\"), Martin"]
[Result "1/2-1/2"]
[BlackElo "1439"]
[WhiteElo "1156"]
[LiveChessVersion "1.4.4"]

1. e4 {[%clk 0:25:18]} e6 {[%clk 0:25:19]} 2. d4 {[%clk 0:25:23]} d5
{[%clk 0:25:26]} 3. exd5 {[%clk 0:25:26]} exd5 {[%clk 0:25:34]} 4. Bd3
{[%clk 0:25:24]} Bd6 {[%clk 0:25:41]} 5. Nf3 Bg4 {[%clk 0:25:35]} 6. O-O
{[%clk 0:24:48]} Nc6 {[%clk 0:25:38]} 7. Be3 {[%clk 0:24:03]} Nge7
{[%clk 0:25:39]} 8. Re1 {[%clk 0:23:44]} Qd7 {[%clk 0:25:35]} 9. Nc3
{[%clk 0:23:29]} O-O-O {[%clk 0:25:22]} 10. a3 {[%clk 0:22:28]} f6
{[%clk 0:25:07]} 11. Qd2 {[%clk 0:21:16]} Be6 {[%clk 0:24:45]} 12. b4
{[%clk 0:19:35]} g5 {[%clk 0:24:17]} 13. Rab1 {[%clk 0:18:52]} g4
{[%clk 0:23:49]} 14. Nh4 {[%clk 0:18:05]} h5 {[%clk 0:22:18]} 15. Nb5
{[%clk 0:16:25]} a6 {[%clk 0:22:04]} 16. Nxd6+ {[%clk 0:16:19]} Qxd6
{[%clk 0:21:37]} 17. Qc3 {[%clk 0:15:07]} f5 {[%clk 0:20:39]} 18. Qd2
{[%clk 0:14:57]} Rhf8 {[%clk 0:20:17]} 19. g3 {[%clk 0:13:55]} Kb8
{[%clk 0:18:40]} 20. Bf4 {[%clk 0:12:47]} Qd7 {[%clk 0:18:11]} 21. Rbc1
{[%clk 0:11:57]} Rg8 {[%clk 0:17:38]} 22. c3 {[%clk 0:10:50]} Ng6
{[%clk 0:17:03]} 23. Nxg6 {[%clk 0:10:45]} Rxg6 {[%clk 0:17:10]} 24. Re2
{[%clk 0:09:40]} Rh8 {[%clk 0:16:29]} 25. Rce1 {[%clk 0:08:26]} h4
{[%clk 0:15:31]} 26. gxh4 {[%clk 0:08:15]} Rxh4 {[%clk 0:15:18]} 27. Re3
{[%clk 0:06:37]} Rh3 {[%clk 0:13:43]} 28. Qe2 {[%clk 0:04:57]} Rxe3
{[%clk 0:13:31]} 29. Qxe3 {[%clk 0:05:00]} Bf7 {[%clk 0:12:49]} 30. Qd2
{[%clk 0:02:36]} Re6 {[%clk 0:11:48]} 31. Rxe6 {[%clk 0:02:36]} Qxe6
{[%clk 0:11:56]} 32. Qe2 {[%clk 0:02:23]} Qxe2 {[%clk 0:11:58]} 33. Bxe2
{[%clk 0:02:28]} Be6 {[%clk 0:11:59]} 34. f3 {[%clk 0:01:29]} Kc8
{[%clk 0:11:33]} 35. fxg4 {[%clk 0:01:07]} fxg4 {[%clk 0:11:41]} 36. Kg2
{[%clk 0:01:08]} Kd7 {[%clk 0:10:48]} 37. Kg3 {[%clk 0:00:51]} Ne7
{[%clk 0:10:01]} 38. Bxg4 {[%clk 0:00:34]} Nf5+ {[%clk 0:10:08]} 39. Bxf5
{[%clk 0:00:30]} Bxf5 {[%clk 0:10:15]} 40. h4 {[%clk 0:00:33]} c6
{[%clk 0:10:17]} 41. h5 {[%clk 0:00:37]} Ke6 {[%clk 0:10:21]} 42. h6
{[%clk 0:00:43]} Kf6 {[%clk 0:10:20]} 43. Kh4 {[%clk 0:00:39]} Kg6
{[%clk 0:10:16]} 44. Kg3 {[%clk 0:00:28]} Kh5 {[%clk 0:10:05]} 45. Kf3
{[%clk 0:00:24]} Be4+ {[%clk 0:10:05]} 46. Kg3 {[%clk 0:00:27]} Kg6
{[%clk 0:10:09]} 47. Kh4 {[%clk 0:00:27]} Bf5 {[%clk 0:09:47]} 1/2-1/2